EliTech 2000 : The Third Conference on Electrical Engineering and Information Technology fot Ph.D. students Programme, September, 20th 2000
Salvato in:
| Natura: | Libro |
|---|---|
| Lingua: | inglese |
| Pubblicazione: |
Bratislava :
FEI STU,
2000
|
| Tags: |
Nessun Tag, puoi essere il primo ad aggiungerne!!
|
MARC
| LEADER | 00000nam a22000003a 4500 | ||
|---|---|---|---|
| 001 | stu224329 | ||
| 005 | 20150408164418.8 | ||
| 008 | 110421s2000----xo------------------eng-d | ||
| 040 | |a STU |b slo | ||
| 041 | 0 | |a eng | |
| 044 | |a xo | ||
| 245 | |a EliTech 2000 : |b The Third Conference on Electrical Engineering and Information Technology fot Ph.D. students Programme, September, 20th 2000 | ||
| 260 | |a Bratislava : |b FEI STU, |c 2000 | ||
| 996 | |b IZ206 |c I*Z206 |l II680 |s A |a 24 |w stu224329_0001 | ||